000 00561nam a2200181 a 4500
001 2650
005 20180713182623.0
008 140415s1970 mx 000 0 spa d
041 _aspa
082 _a972.0612
_bARE
100 1 _aARENAS GUZMAN, DIEGO
245 1 3 _aEL REGIMEN DEL GENERAL HUERTA EN PROYECCION HISTORICA
250 _a1a ed.
260 _aMEXICO :
_bTALLERES GRAFICOS DE LA NACION,
_c1970
300 _a209
490 _aBIBL. DEL INSTITUTO NACIONAL DE ESTUDIOS HISTO...
650 1 4 _aMEXICO
_xHISTORIA
_xREVOLUCION, 1910
_x1917
999 _c2650
_d2650